| 000 | 00695cam a2200241 4500 | ||
|---|---|---|---|
| 008 | 090401t1998 xxu||||| |||| 00| 0 eng d | ||
| 020 | _a1859460399 | ||
| 035 | _a(Sirsi) u89225 | ||
| 041 | _aeng | ||
| 050 | _a690.0285 | ||
| 110 |
_aJoint Contracts Tribunal _93664 |
||
| 245 | _aElectronic data interchange in the construction industry. | ||
| 260 |
_aLondon _bRIBA Publications _c1998 |
||
| 300 | _a152p. : ill. ; 30cm. | ||
| 350 | _a35 | ||
| 650 | _aCONSTRUCTION INDUSTRY | ||
| 650 | _aELECTRONIC DATA INTERCHANGE | ||
| 650 | _aELECTRONIC DATA INTERCHANGE | ||
| 650 | _aELECTRONIC EXCHANGE | ||
| 690 | _aBUILDING AND CONSTRUCTION-COMPUTERS | ||
| 942 | _n0 | ||
| 948 | _c23/10/1998 | ||
| 999 |
_c97436 _d97436 |
||